San Isidoro, Cervantes y otros estudios
I tiakina i:
| Kaituhi matua: | |
|---|---|
| Hōputu: | Pukapuka |
| Reo: | Pāniora |
| I whakaputaina: |
Buenos Aires
Espasa-Calpe
1942
|
| Rangatū: | Colección Austral, 251
|
| Ngā marau: | |
| Ngā Tūtohu: |
Tāpirihia he Tūtohu
Kāore He Tūtohu, Me noho koe te mea tuatahi ki te tūtohu i tēnei pūkete!
|
MARC
| LEADER | 00000nam a2200000 a 4500 | ||
|---|---|---|---|
| 001 | UCZ1546 | ||
| 003 | CL-VaPUC | ||
| 008 | 950824e19420000AG |||||||||||||||||spa|d | ||
| 082 | 0 | 4 | |a 864 |b MEN |2 21 |
| 100 | |a Menéndez y Pelayo, Marcelino |e autor |9 478094 | ||
| 245 | 1 | 0 | |a San Isidoro, Cervantes y otros estudios |
| 300 | |a 154 p | ||
| 942 | |c BK | ||
| 945 | |d 19950824 00:00:00 |a rbrito | ||
| 260 | |a Buenos Aires |b Espasa-Calpe |c 1942 | ||
| 600 | 0 | |a Cervantes y Saavedra, Miguel de |9 267947 | |
| 650 | 0 | |a Ensayos españoles |9 313128 | |
| 650 | 0 | |a Poesía española |9 264938 | |
| 583 | |a last modification |c 19950824 00:00:00 |k Rodrigo Vera | ||
| 490 | 0 | |a Colección Austral, 251 | |
| 999 | |c 238282 |d 238280 | ||
| 952 | |0 0 |1 0 |4 0 |6 864_000000000000000_MEN_1942 |7 0 |8 A |9 248340 |a BIBEDU |b BIBEDU |d 2019-11-18 |i 3106772 |o 864 MEN 1942 |p 3106772 |r 2019-11-18 |w 2019-11-18 |y BK |k LIT | ||